The autism ambassadors handbook / (Record no. 151181)

MARC details
000 -LEADER
fixed length control field 00613nam a22001937a 4500
005 - DATE AND TIME OF LATEST TRANSACTION
control field 20180413124419.0
010 ## - LCCN (DPL NO)
LC control number ENG-122623
020 ## - INTERNATIONAL STANDARD BOOK NUMBER
Terms of availability 950.00
International Standard Book Number 9789352806119
035 ## - SYSTEM CONTROL NUMBER
System control number EN-106155
037 ## - SOURCE OF ACQUISITION
Source of stock number/acquisition DBAD/PUB
082 ## - DEWEY DECIMAL CLASSIFICATION NUMBER
Classification number 371.94
100 ## - MAIN ENTRY--PERSONAL NAME
Personal name Kukoff,Zak
245 ## - TITLE STATEMENT
Title The autism ambassadors handbook /
Statement of responsibility, etc by Zak Kukoff
260 ## - PUBLICATION, DISTRIBUTION, ETC. (IMPRINT)
Date of publication, distribution, etc 2018
Place of publication, distribution, etc New Delhi
Name of publisher, distributor, etc Sage Publications India Pvt.Ltd.
270 ## - ADDRESS
Address B1/1-1 Mohan Cooperative Industrial Area,Mathura Road,
City New Delhi
Postal code 110044
Electronic mail address www.sagepub.in
300 ## - PHYSICAL DESCRIPTION
Dimensions 24cm(pbk)
Extent 212P.
500 ## - GENERAL NOTE
General note Ir indues index
942 ## - ADDED ENTRY ELEMENTS (KOHA)
Item type English Books
Source of classification or shelving scheme Dewey Decimal Classification
Call number suffix KUK
Classification part 371.94
Holdings
Withdrawn status Lost status Not for loan Collection code Home library Current library Date acquired Source of acquisition Cost, normal purchase price Full call number Barcode Copy number Cost, replacement price Koha item type
    Not For Loan Non-fiction D.B.Act.Division Central Library 13/04/2018 DBAD/PUB 950.00 371.94 KUK EN-106155 1 950.00 English Books

© Delhi Public Library
Hit Counter
free hit counter